[Event "Skilling Open Prelim"]
[Site "chess24.com INT"]
[Date "2020.11.22"]
[Round "1.1"]
[White "Giri, Anish"]
[Black "Vachier-Lagrave, Maxime"]
[Result "1/2-1/2"]
[WhiteTitle "GM"]
[BlackTitle "GM"]
[WhiteElo "2764"]
[BlackElo "2784"]
[WhiteFideId "24116068"]
[BlackFideId "623539"]
[EventDate "2020.11.22"]

1. e4 c5 2. Nf3 d6 3. d4 cxd4 4. Nxd4 Nf6 5. Nc3 Nc6 6. Bg5 e6 7. Bb5 Bd7 8. Qd3
Be7 9. Bxc6 bxc6 10. O-O-O O-O 11. Nb3 d5 12. e5 Ng4 13. Bxe7 Qxe7 14. Qd4 Nh6
15. f4 f6 16. exf6 Qxf6 17. g3 Nf5 18. Qxf6 gxf6 19. Nc5 Rf7 20. Rhe1 Re8 21. g4
Nd6 22. h4 Bc8 23. Nd3 Ba6 24. Nc5 Bc8 25. Nd3 Ba6 26. Nc5 Bc8 1/2-1/2

[Event "Skilling Open Prelim"]
[Site "chess24.com INT"]
[Date "2020.11.22"]
[Round "1.2"]
[White "Karjakin, Sergey"]
[Black "Ding, Liren"]
[Result "1/2-1/2"]
[WhiteTitle "GM"]
[BlackTitle "GM"]
[WhiteElo "2752"]
[BlackElo "2791"]
[WhiteFideId "14109603"]
[BlackFideId "8603677"]
[EventDate "2020.11.22"]

1. e4 c5 2. Nf3 d6 3. d4 cxd4 4. Nxd4 Nf6 5. f3 e5 6. Nb3 d5 7. Bg5 Be6 8. exd5
Qxd5 9. Nc3 Bb4 10. Bxf6 Qxd1+ 11. Kxd1 gxf6 12. Nb5 Kd7 13. a3 Be7 14. Ke1 Rc8
15. Bd3 f5 16. Kf2 Ke8 17. Rhe1 Nd7 18. Nc3 Kf8 19. g3 Nc5 20. Nxc5 Rxc5 21. Na4
Ra5 22. Nc3 Rc5 23. Na4 Ra5 24. Nc3 Rc5 1/2-1/2

[Event "Skilling Open Prelim"]
[Site "chess24.com INT"]
[Date "2020.11.22"]
[Round "1.4"]
[White "Le, Quang Liem"]
[Black "Aronian, Levon"]
[Result "0-1"]
[WhiteTitle "GM"]
[BlackTitle "GM"]
[WhiteElo "2709"]
[BlackElo "2781"]
[WhiteFideId "12401137"]
[BlackFideId "13300474"]
[EventDate "2020.11.22"]

1. d4 Nf6 2. c4 e6 3. Nf3 d5 4. Nc3 Be7 5. Bg5 O-O 6. e3 Nbd7 7. Rc1 dxc4 8.
Bxc4 a6 9. a4 b6 10. O-O Bb7 11. Qe2 c5 12. Rfd1 cxd4 13. Nxd4 Qe8 14. e4 Ne5
15. Bb3 Bc5 16. Bf4 Ng6 17. Be3 Rc8 18. f3 Qe7 19. Bc4 a5 20. Bb5 Bd6 21. g3 h5
22. Qf2 h4 23. Nde2 Bc5 24. Rd2 Ne5 25. Rcd1 g5 26. Bxc5 Rxc5 27. g4 Bc6 28. Nd4
Bxb5 29. axb5 Qc7 30. Na4 Rc1 31. Ne2 Rc4 32. b3 Rb4 33. Nd4 Rc8 34. Qe3 Kh7 35.
Nc6 Nxc6 36. bxc6 Qf4 37. Qc3 Nxe4 38. Qd3 Rxc6 39. fxe4 Qxe4 40. h3 Qxd3 41.
Rxd3 b5 42. Nc3 Rxb3 43. Ne4 Rxd3 44. Rxd3 Kg6 45. Rd8 f5 46. Nf2 b4 47. Rb8 Rc3
48. gxf5+ exf5 49. Rb6+ Kh5 50. Kf1 b3 51. Ke2 a4 52. Nd3 a3 53. Rb8 Rxd3 0-1

[Event "Skilling Open Prelim"]
[Site "chess24.com INT"]
[Date "2020.11.22"]
[Round "1.5"]
[White "Vidit, Santosh Gujrathi"]
[Black "Firouzja, Alireza"]
[Result "1/2-1/2"]
[WhiteTitle "GM"]
[BlackTitle "GM"]
[WhiteElo "2726"]
[BlackElo "2749"]
[WhiteFideId "5029465"]
[BlackFideId "12573981"]
[EventDate "2020.11.22"]

1. d4 Nf6 2. c4 e6 3. Nf3 d5 4. g3 Be7 5. Bg2 O-O 6. O-O dxc4 7. Qc2 a6 8. a4
Nc6 9. Qxc4 Qd5 10. Nbd2 Rd8 11. e3 Qh5 12. h3 Nd5 13. a5 Ndb4 14. Qc3 Nxa5 15.
g4 Qb5 16. Qxc7 Nac6 17. Ne5 Nxe5 18. Qxe7 Nec6 19. Qh4 e5 20. Nf3 Bd7 21. dxe5
Nd3 22. Bd2 Ndxe5 23. Nxe5 Nxe5 24. Bc3 Ng6 25. Qh5 Qb3 26. Ra3 Qb6 27. Qa5 Qe6
28. Bxb7 Bc6 29. Bxa8 Rxa8 30. Qf5 Qe8 31. e4 Bxe4 32. Re1 Bxf5 33. Rxe8+ Rxe8
34. gxf5 Nf4 35. Kh2 Ra8 36. f6 g6 37. Be5 Nd5 38. Ra5 Nb4 39. Bc3 Nc6 40. Ra4
h6 41. Kg3 Kh7 42. h4 g5 43. h5 Nd8 44. Rd4 Ne6 45. Ra4 Nc5 46. Rc4 Ne6 47. Ra4
Nc5 48. Rc4 Ne6 49. Ra4 1/2-1/2

[Event "Skilling Open Prelim"]
[Site "chess24.com INT"]
[Date "2020.11.22"]
[Round "1.6"]
[White "So, Wesley"]
[Black "Anton Guijarro, David"]
[Result "1/2-1/2"]
[WhiteTitle "GM"]
[BlackTitle "GM"]
[WhiteElo "2770"]
[BlackElo "2675"]
[WhiteFideId "5202213"]
[BlackFideId "2285525"]
[EventDate "2020.11.22"]

1. d4 Nf6 2. c4 e6 3. Nc3 Bb4 4. Qc2 O-O 5. a3 Bxc3+ 6. Qxc3 d6 7. Bg5 Nbd7 8.
Nf3 b6 9. Nd2 Bb7 10. f3 h6 11. Bh4 Re8 12. e3 e5 13. dxe5 dxe5 14. Be2 Ne4 15.
Nxe4 Qxh4+ 16. Ng3 Rad8 17. O-O Qe7 18. b4 Nf6 19. Rfd1 g6 20. Rxd8 Rxd8 21. Rd1
Rxd1+ 22. Bxd1 h5 23. Nh1 e4 24. f4 c5 25. Nf2 Qe6 26. h3 Ne8 27. g4 hxg4 28.
hxg4 Nd6 29. Be2 Ba6 30. b5 Bc8 31. g5 Qe7 32. a4 Bf5 33. a5 Qe6 34. a6 f6 35.
gxf6 Kf7 36. Qe5 Qxf6 37. Qd5+ Qe6 38. Qa8 Qe7 39. Nd1 Qh4 40. Nf2 Qg3+ 41. Kf1
Qxe3 42. Qxa7+ Ke6 43. Qxb6 Bh3+ 44. Nxh3 Qxh3+ 45. Ke1 Qc3+ 46. Kf2 Qd4+ 47.
Kf1 Qa1+ 48. Kf2 Qd4+ 49. Ke1 Qc3+ 50. Kd1 Qb3+ 51. Ke1 Qc3+ 1/2-1/2

[Event "Skilling Open Prelim"]
[Site "chess24.com INT"]
[Date "2020.11.22"]
[Round "1.7"]
[White "Svidler, Peter"]
[Black "Radjabov, Teimour"]
[Result "1/2-1/2"]
[WhiteTitle "GM"]
[BlackTitle "GM"]
[WhiteElo "2723"]
[BlackElo "2765"]
[WhiteFideId "4102142"]
[BlackFideId "13400924"]
[EventDate "2020.11.22"]

1. e4 e5 2. Nf3 Nc6 3. Bc4 Bc5 4. c3 Nf6 5. d3 d6 6. O-O h6 7. Re1 O-O 8. h3 a6
9. a4 Re8 10. Nbd2 Ba7 11. b4 Be6 12. Bxe6 Rxe6 13. Qc2 Qd7 14. Rb1 Rd8 15. b5
Ne7 16. d4 Ng6 17. d5 Ree8 18. c4 Rf8 19. Nf1 Bc5 20. Be3 Bxe3 21. Nxe3 b6 22.
a5 axb5 23. Rxb5 bxa5 24. Rxa5 Ra8 25. Rea1 Rxa5 26. Rxa5 Rb8 27. c5 Qd8 28. Nc4
Ne8 29. g3 Qc8 30. Kg2 Ra8 31. Nfd2 Rxa5 32. Nxa5 f5 33. cxd6 Nxd6 34. Nac4 Ne7
35. Nxd6 cxd6 36. Qxc8+ Nxc8 37. exf5 Ne7 38. g4 Nxd5 39. Nc4 Nf4+ 40. Kg3 Ne2+
41. Kh2 Kf7 42. Nxd6+ Ke7 43. Ne4 h5 44. Kg2 hxg4 45. hxg4 Kf7 46. Kf3 Nf4 47.
g5 g6 48. Kg4 Nd3 49. Nd6+ Kg7 50. f6+ Kf8 51. Kf3 Nf4 52. Kg4 Nd3 53. f3 Nf4
54. Nc4 Nd3 55. Nb6 Kf7 56. Nd5 Nc5 57. Nc3 Nd3 58. Ne4 Ke6 59. Kg3 Kf7 60. Kg2
Ke6 61. Kf1 Nf4 62. Kf2 Nd5 63. Nc5+ Kd6 64. Nd3 Nc7 65. f4 Ne6 66. fxe5+ Kd5
67. f7 Nf8 68. Ke3 Nh7 69. Kf4 Ke6 70. f8=Q Nxf8 71. Ke4 Nh7 72. Nc5+ Ke7 73.
Kf4 Nf8 74. Ke4 Nh7 75. Kf4 Nf8 76. Nb3 Ke6 77. Ke4 Nh7 78. Nd4+ Ke7 79. Kf4 Nf8
80. Nc6+ Kd7 81. Nd4 Ke7 82. Ke3 Nh7 83. Nf3 Nf8 84. Ke4 Ne6 85. Kd5 Kd7 86. Ke4
Ke7 87. Kd5 Kd7 88. Ke4 Ke7 1/2-1/2

[Event "Skilling Open Prelim"]
[Site "chess24.com INT"]
[Date "2020.11.22"]
[Round "2.1"]
[White "Vachier-Lagrave, Maxime"]
[Black "Carlsen, Magnus"]
[Result "1/2-1/2"]
[WhiteTitle "GM"]
[BlackTitle "GM"]
[WhiteElo "2784"]
[BlackElo "2862"]
[WhiteFideId "623539"]
[BlackFideId "1503014"]
[EventDate "2020.11.22"]

1. e4 e5 2. Nf3 Nc6 3. Bb5 Nf6 4. O-O Nxe4 5. d4 Nd6 6. Bxc6 dxc6 7. dxe5 Nf5 8.
Qxd8+ Kxd8 9. h3 Be6 10. Nc3 Bb4 11. Ne2 Bd5 12. Nfd4 Nxd4 13. Nxd4 Re8 14. Bf4
Ke7 15. Rfd1 Kf8 16. Rac1 Bxa2 17. b3 a5 18. Ra1 Red8 19. Rxa2 c5 20. Be3 Ke8
21. f4 cxd4 22. Rxd4 Rxd4 23. Bxd4 b5 24. Kf2 a4 25. Kf3 Be7 26. bxa4 bxa4 27.
f5 a3 28. Ke4 Kd7 29. c4 Kc6 30. g4 Bc5 31. g5 g6 32. Bc3 Ra4 33. fxg6 hxg6 34.
Kd3 Kd7 35. Ra1 Ke6 36. Rf1 a2 37. Rf6+ Ke7 38. Rf1 Ra8 39. Kc2 Be3 40. h4 Bc5
41. Kb3 Ra3+ 42. Kc2 Ke8 43. Kb2 a1=Q+ 44. Rxa1 Rxa1 45. Kxa1 Bf2 46. e6 fxe6
47. Kb2 Bxh4 48. Bf6 Bf2 49. Kc2 Bc5 50. Kd3 Bd6 51. Ke4 Kd7 52. Kd4 Kc6 53. Kd3
Kc5 54. Bd4+ Kb4 55. Bc3+ Kb3 56. Bd4 c5 57. Bf6 e5 58. Bd8 e4+ 59. Kxe4 Kxc4
60. Bf6 Bg3 61. Be7 Kb5 62. Kd5 c4 63. Bf6 Bf2 64. Ke6 Kc5 65. Kf7 Bd4 66. Be7+
Kb5 67. Bf6 Kc5 68. Be7+ Kd5 69. Bb4 Be3 70. Kxg6 c3 71. Bxc3 Bxg5 1/2-1/2

[Event "Skilling Open Prelim"]
[Site "chess24.com INT"]
[Date "2020.11.22"]
[Round "2.2"]
[White "Radjabov, Teimour"]
[Black "Nepomniachtchi, Ian"]
[Result "0-1"]
[WhiteTitle "GM"]
[BlackTitle "GM"]
[WhiteElo "2765"]
[BlackElo "2784"]
[WhiteFideId "13400924"]
[BlackFideId "4168119"]
[EventDate "2020.11.22"]

1. d4 Nf6 2. c4 g6 3. Nc3 d5 4. Nf3 Bg7 5. Bf4 O-O 6. e3 c5 7. dxc5 Qa5 8. Rc1
Ne4 9. Be5 Bxe5 10. Nxe5 Nc6 11. Nxc6 bxc6 12. cxd5 Nxc3 13. Rxc3 Qxa2 14. b4
cxd5 15. Qc1 d4 16. exd4 Qd5 17. Be2 Rb8 18. O-O Rxb4 19. Bf3 Qxd4 20. Rd1 Qe5
21. Re3 Qc7 22. c6 Be6 23. h3 a5 24. Rxe6 fxe6 25. Qe3 Rf6 26. g3 Qb6 27. Qxb6
Rxb6 28. c7 Rf8 29. Ra1 Rc8 30. Rxa5 Rxc7 31. Ra2 Kg7 32. Kg2 Rb4 33. Re2 Kf6
34. Be4 Ra7 35. Re3 Rb2 36. Rf3+ Kg7 37. h4 Rd7 38. Bc6 Rd8 39. Be4 e5 40. h5
gxh5 41. Rf5 Rf8 0-1

[Event "Skilling Open Prelim"]
[Site "chess24.com INT"]
[Date "2020.11.22"]
[Round "2.3"]
[White "Anton Guijarro, David"]
[Black "Svidler, Peter"]
[Result "1-0"]
[WhiteTitle "GM"]
[BlackTitle "GM"]
[WhiteElo "2675"]
[BlackElo "2723"]
[WhiteFideId "2285525"]
[BlackFideId "4102142"]
[EventDate "2020.11.22"]

1. d4 Nf6 2. c4 g6 3. Nc3 d5 4. cxd5 Nxd5 5. Bd2 Nb6 6. e3 Bg7 7. h4 h5 8. Nf3
Bg4 9. Qb3 O-O 10. Ng5 e5 11. d5 c6 12. f3 Bc8 13. dxc6 Nxc6 14. Nce4 Qe7 15.
Bb5 Rd8 16. O-O Bf5 17. Rfd1 Bxe4 18. Nxe4 Qxh4 19. a4 Qe7 20. a5 Nd7 21. a6
Rab8 22. Qa2 Nc5 23. Bxc6 bxc6 24. Qa3 Bf8 25. Bb4 Rxb4 26. Qxb4 Nd3 27. Qxe7
Bxe7 28. Rd2 f5 29. Nf2 Nb4 30. Rxd8+ Bxd8 31. Ra4 Nd5 32. Rc4 1-0

[Event "Skilling Open Prelim"]
[Site "chess24.com INT"]
[Date "2020.11.22"]
[Round "2.4"]
[White "Firouzja, Alireza"]
[Black "So, Wesley"]
[Result "1-0"]
[WhiteTitle "GM"]
[BlackTitle "GM"]
[WhiteElo "2749"]
[BlackElo "2770"]
[WhiteFideId "12573981"]
[BlackFideId "5202213"]
[EventDate "2020.11.22"]

1. d4 Nf6 2. Nf3 d5 3. e3 c5 4. dxc5 e6 5. b4 a5 6. c3 axb4 7. cxb4 b6 8. Bb5+
Bd7 9. Bxd7+ Nbxd7 10. a4 bxc5 11. b5 Bd6 12. Bb2 O-O 13. O-O Qc7 14. Nbd2 c4
15. Bc3 e5 16. a5 e4 17. b6 Qb8 18. Nd4 Bxh2+ 19. Kh1 Be5 20. Nc6 Qd6 21. Nxe5
Nxe5 22. g3 Nfg4 23. Kg2 Qe6 24. Rb1 Rfb8 25. Qe2 Nd3 26. Rb5 Ra6 27. Nb1 h5 28.
Bd4 h4 29. Rh1 hxg3 30. fxg3 Nh6 31. Nc3 Qd6 32. Rxd5 Qa3 33. Rxh6 gxh6 34. Qg4+
Kf8 35. Bg7+ 1-0

[Event "Skilling Open Prelim"]
[Site "chess24.com INT"]
[Date "2020.11.22"]
[Round "2.5"]
[White "Aronian, Levon"]
[Black "Vidit, Santosh Gujrathi"]
[Result "1-0"]
[WhiteTitle "GM"]
[BlackTitle "GM"]
[WhiteElo "2781"]
[BlackElo "2726"]
[WhiteFideId "13300474"]
[BlackFideId "5029465"]
[EventDate "2020.11.22"]

1. d4 Nf6 2. c4 e6 3. Nf3 d5 4. Nc3 c5 5. cxd5 cxd4 6. Qxd4 exd5 7. e3 Nc6 8.
Qd3 Bc5 9. Be2 d4 10. exd4 Nxd4 11. O-O O-O 12. Nxd4 Qxd4 13. Qg3 Ne4 14. Nxe4
Qxe4 15. Bf3 Qb4 16. Bf4 Bf5 17. a3 Qb6 18. Bc7 Qb5 19. b4 Be7 20. Rad1 Be6 21.
Be5 g6 22. Ba1 Rac8 23. Bxb7 Rc4 24. Bf3 Qb8 25. Bd4 a6 26. Qxb8 Rxb8 27. Be5
Rbc8 28. Bb7 Re8 29. Bxa6 Rc2 30. Rc1 Ra2 31. Ra1 Rc2 32. Bb7 Bc4 33. Rfe1 Bg5
34. Bc6 Rc8 35. Be4 Rd2 36. h3 Re8 37. Bc3 Rd6 38. a4 Rc8 39. Bb7 Rcd8 40. b5
Rd3 41. Ba5 Rb8 42. Bc6 Bb3 43. Bc7 Rf8 44. a5 Bd2 45. a6 Bxe1 46. Rxe1 Rc3 47.
a7 Ba4 48. Bb8 Rxc6 49. a8=Q Bxb5 50. Qb7 Ba4 51. Qb4 Ra6 52. Bf4 Bc6 53. Bh6
Rfa8 1-0

[Event "Skilling Open Prelim"]
[Site "chess24.com INT"]
[Date "2020.11.22"]
[Round "2.6"]
[White "Duda, Jan-Krzysztof"]
[Black "Le, Quang Liem"]
[Result "1/2-1/2"]
[WhiteTitle "GM"]
[BlackTitle "GM"]
[WhiteElo "2743"]
[BlackElo "2709"]
[WhiteFideId "1170546"]
[BlackFideId "12401137"]
[EventDate "2020.11.22"]

1. d4 Nf6 2. c4 e6 3. Nf3 d5 4. Nc3 c5 5. cxd5 cxd4 6. Qxd4 exd5 7. e4 dxe4 8.
Qxd8+ Kxd8 9. Ng5 Be6 10. Nxe6+ fxe6 11. Bg5 Nc6 12. O-O-O+ Ke8 13. Bb5 Rc8 14.
Kb1 a6 15. Ba4 Be7 16. Bxf6 gxf6 17. Nxe4 Rg8 18. g3 f5 19. Bb3 Rg6 20. Nd6+
Bxd6 21. Rxd6 Ke7 22. Rhd1 Rd8 23. Rxd8 Nxd8 24. Rc1 Kd7 25. Ba4+ b5 26. Bd1 Nc6
27. Bf3 Nd4 28. Bb7 e5 29. Rc5 Kd6 30. b4 a5 31. f4 exf4 32. Rd5+ Kc7 33. Rxd4
fxg3 34. hxg3 Kxb7 35. Rd5 Kc6 36. Rc5+ Kb6 37. a4 bxa4 38. Rxa5 Rxg3 39. Rxf5
Rh3 40. Ka2 h5 41. Rg5 h4 42. Rg4 Kb5 43. Rf4 Rh1 44. Ka3 h3 45. Rh4 Kc6 46. Rh5
Kb6 47. Kxa4 Ra1+ 48. Kb3 Rh1 49. Rh6+ Kb5 50. Rh5+ Kb6 51. Rh6+ Kb5 52. Rh5+
Kb6 1/2-1/2

[Event "Skilling Open Prelim"]
[Site "chess24.com INT"]
[Date "2020.11.22"]
[Round "2.8"]
[White "Giri, Anish"]
[Black "Karjakin, Sergey"]
[Result "1-0"]
[WhiteTitle "GM"]
[BlackTitle "GM"]
[WhiteElo "2764"]
[BlackElo "2752"]
[WhiteFideId "24116068"]
[BlackFideId "14109603"]
[EventDate "2020.11.22"]

1. d4 Nf6 2. c4 e6 3. Nf3 d5 4. Nc3 Be7 5. Bf4 O-O 6. a3 b6 7. Qc2 c5 8. Rd1 Bb7
9. cxd5 Nxd5 10. dxc5 Qc8 11. Nxd5 Bxd5 12. e4 Bb7 13. Bd3 Qxc5 14. Qxc5 Bxc5
15. O-O Nd7 16. e5 Bd5 17. Bb5 Rad8 18. Bg5 f6 19. exf6 gxf6 20. Bh6 Rf7 21. Nd4
Kh8 22. Ne2 Ne5 23. Nf4 Nf3+ 24. Kh1 Nd4 25. Nxd5 exd5 26. Bd3 a5 27. Rfe1 a4
28. h3 Ra7 29. Bb1 Kg8 30. Re3 Nb3 31. Rg3+ Kh8 32. Rf3 Rf7 33. Ba2 f5 34. Kg1
d4 35. Bxb3 axb3 36. Rxb3 Ra8 37. Rbd3 Rf6 38. Bc1 b5 39. b4 Bb6 40. Bb2 Kg7 41.
Bxd4 Bxd4 42. Rxd4 Rxa3 43. Rd5 1-0

[Event "Skilling Open Prelim"]
[Site "chess24.com INT"]
[Date "2020.11.22"]
[Round "3.1"]
[White "Karjakin, Sergey"]
[Black "Vachier-Lagrave, Maxime"]
[Result "1/2-1/2"]
[WhiteTitle "GM"]
[BlackTitle "GM"]
[WhiteElo "2752"]
[BlackElo "2784"]
[WhiteFideId "14109603"]
[BlackFideId "623539"]
[EventDate "2020.11.22"]

1. e4 c5 2. Nf3 d6 3. d4 cxd4 4. Nxd4 Nf6 5. Nc3 Nc6 6. Bg5 e6 7. Qd2 Be7 8.
O-O-O a6 9. f4 Bd7 10. Nf3 b5 11. Bxf6 gxf6 12. f5 Qb6 13. Kb1 O-O-O 14. fxe6
fxe6 15. g3 b4 16. Ne2 e5 17. Nc1 Be6 18. Qh6 Kb8 19. Bh3 Bf7 20. Nh4 d5 21. Qg7
Rhf8 22. exd5 Bxd5 23. Bg2 Bxg2 24. Nxg2 Qf2 25. Nh4 Rxd1 26. Rxd1 Rc8 27. Qxh7
Nd4 28. Nb3 Rxc2 29. Rxd4 Rxb2+ 30. Kc1 exd4 31. Qg8+ Ka7 32. Qc4 Bd6 33. Qc6
Rxa2 34. Qd7+ Ka8 35. Qc6+ Ka7 36. Qd7+ Ka8 37. Qc6+ Ka7 1/2-1/2

[Event "Skilling Open Prelim"]
[Site "chess24.com INT"]
[Date "2020.11.22"]
[Round "3.5"]
[White "So, Wesley"]
[Black "Aronian, Levon"]
[Result "1-0"]
[WhiteTitle "GM"]
[BlackTitle "GM"]
[WhiteElo "2770"]
[BlackElo "2781"]
[WhiteFideId "5202213"]
[BlackFideId "13300474"]
[EventDate "2020.11.22"]

1. d4 Nf6 2. c4 e6 3. Nf3 d5 4. g3 Be7 5. Bg2 O-O 6. O-O dxc4 7. Qc2 a6 8. a4
Bd7 9. Qxc4 Bc6 10. Bf4 Bd6 11. Nc3 Bxf4 12. gxf4 a5 13. e3 Nbd7 14. Qb3 Ra6 15.
Rfd1 Qe7 16. Qc2 g6 17. Rac1 Bxf3 18. Bxf3 c6 19. b3 Rb6 20. Nb1 Nd5 21. Nd2 Nb4
22. Qb1 Qh4 23. Be2 Nf6 24. Nf3 Qh3 25. Ng5 Qh4 26. Nf3 Qh3 27. Ne5 Rd8 28. Rc5
Nbd5 29. Bf1 Qh4 30. h3 Nd7 31. Nxd7 Rxd7 32. Qc2 Qd8 33. Rxa5 Ra6 34. Rxa6 bxa6
35. Bxa6 Nb4 36. Qe2 c5 37. Bb5 Rd6 38. Qe1 Nd5 39. Be2 Qb6 40. dxc5 Qxc5 41.
Bc4 Rc6 42. a5 Nf6 43. a6 Rc8 44. Qd2 Qh5 45. a7 Ra8 46. Qd8+ 1-0

[Event "Skilling Open Prelim"]
[Site "chess24.com INT"]
[Date "2020.11.22"]
[Round "3.6"]
[White "Svidler, Peter"]
[Black "Firouzja, Alireza"]
[Result "1/2-1/2"]
[WhiteTitle "GM"]
[BlackTitle "GM"]
[WhiteElo "2723"]
[BlackElo "2749"]
[WhiteFideId "4102142"]
[BlackFideId "12573981"]
[EventDate "2020.11.22"]

1. e4 c6 2. Nf3 d5 3. exd5 cxd5 4. Ne5 Nf6 5. d4 Bf5 6. Bb5+ Nbd7 7. O-O a6 8.
Bd3 Bxd3 9. Nxd3 e6 10. Bg5 Bd6 11. Nd2 Qc7 12. g3 O-O 13. Qe2 Qxc2 14. Rfc1 Qa4
15. Bxf6 Nxf6 16. Nf3 Rac8 17. a3 Ne4 18. Kg2 h6 19. Qe3 Qb3 20. Nd2 Nxd2 21.
Qxd2 Rc4 22. Nc5 Qb5 23. b4 b6 24. a4 Qxb4 25. Qxb4 Rxb4 26. Nxa6 Rxd4 27. Rc6
Be5 28. Ra2 Ra8 29. Rxb6 Rc4 30. a5 g5 31. Nb4 Bd4 32. Rb5 Kg7 33. a6 Ra7 34.
Nd3 Rc3 35. Nb4 Rb3 36. Ra4 Bf6 37. Rb7 Ra8 38. Nxd5 Rxa6 39. Nxf6 Rxb7 40. Ne8+
Kf8 41. Rxa6 Kxe8 42. Ra8+ Ke7 43. Rh8 Kf6 44. Rxh6+ Kg7 45. Rh5 f6 46. h4 gxh4
47. Rxh4 1/2-1/2

[Event "Skilling Open Prelim"]
[Site "chess24.com INT"]
[Date "2020.11.22"]
[Round "3.7"]
[White "Nepomniachtchi, Ian"]
[Black "Anton Guijarro, David"]
[Result "0-1"]
[WhiteTitle "GM"]
[BlackTitle "GM"]
[WhiteElo "2784"]
[BlackElo "2675"]
[WhiteFideId "4168119"]
[BlackFideId "2285525"]
[EventDate "2020.11.22"]

1. b3 d5 2. Bb2 Bf5 3. d3 e6 4. Nd2 Nf6 5. g3 a5 6. a3 a4 7. b4 c5 8. c3 Be7 9.
Bg2 O-O 10. e4 Bg6 11. Nh3 dxe4 12. dxe4 b5 13. Nf4 Nc6 14. h4 Ne5 15. Qe2 Nh5
16. Bf1 c4 17. Qe3 Nxf4 18. gxf4 Ng4 19. Qg3 Nf6 20. Bg2 Qc7 21. e5 Nh5 22. Qg4
Rad8 23. O-O-O f5 24. Qf3 Rd3 25. Qc6 Qxc6 26. Bxc6 Be8 27. Bb7 Nxf4 28. Kc2 Bh5
29. Bc6 Bxd1+ 30. Rxd1 Rb8 31. Nf3 Rb6 32. Bd7 Rxf3 0-1

[Event "Skilling Open Prelim"]
[Site "chess24.com INT"]
[Date "2020.11.22"]
[Round "3.8"]
[White "Carlsen, Magnus"]
[Black "Radjabov, Teimour"]
[Result "1-0"]
[WhiteTitle "GM"]
[BlackTitle "GM"]
[WhiteElo "2862"]
[BlackElo "2765"]
[WhiteFideId "1503014"]
[BlackFideId "13400924"]
[EventDate "2020.11.22"]

1. d4 Nf6 2. c4 e6 3. Nf3 d5 4. Nc3 Bb4 5. Qb3 c5 6. dxc5 Nc6 7. Bg5 Qa5 8. Bxf6
dxc4 9. Qxc4 gxf6 10. Rc1 Qxc5 11. Qf4 Ke7 12. g3 Bxc3+ 13. bxc3 Bd7 14. Bg2
Rac8 15. O-O b6 16. Rfd1 Ne5 17. Nd4 Nc4 18. h4 Qc7 19. Qh6 Rcg8 20. Rb1 Rg6 21.
Qh5 Rhg8 22. Nb5 Qe5 23. Qxe5 fxe5 24. Nxa7 Ne3 25. Rd2 Nc4 26. Rd3 Rg4 27. Rb4
Na5 28. Rxb6 1-0

[Event "Skilling Open Prelim"]
[Site "chess24.com INT"]
[Date "2020.11.22"]
[Round "4.1"]
[White "Vachier-Lagrave, Maxime"]
[Black "Radjabov, Teimour"]
[Result "0-1"]
[WhiteTitle "GM"]
[BlackTitle "GM"]
[WhiteElo "2784"]
[BlackElo "2765"]
[WhiteFideId "623539"]
[BlackFideId "13400924"]
[EventDate "2020.11.22"]

1. e4 c5 2. Nf3 Nc6 3. Bb5 e6 4. O-O Nge7 5. Re1 a6 6. Bf1 d5 7. exd5 Nxd5 8. d4
cxd4 9. Nxd4 Bd7 10. Nf5 Qa5 11. Nd2 Nf6 12. Bd3 Ne5 13. Nb3 Qd5 14. Ne3 Qd6 15.
Bf1 Qc7 16. Bd2 Bd6 17. Bc3 O-O 18. Qd4 Nc6 19. Qh4 Be5 20. Bxe5 Nxe5 21. Rad1
Rac8 22. c3 Ng6 23. Qg3 Qxg3 24. hxg3 Rc7 25. Rd4 e5 26. Rc4 Rfc8 27. Rxc7 Rxc7
28. Nc4 Ng4 29. Rd1 Kf8 30. Be2 Nf6 31. Nb6 Ke7 32. Na5 Be6 33. Bc4 Nf8 34. a4
N8d7 35. Bxe6 Kxe6 36. Nbc4 Nd5 37. Nd2 Nc5 38. Ra1 Nb6 39. b3 Nd5 40. b4 Nd3
41. b5 axb5 42. axb5 b6 43. c4 bxa5 44. cxd5+ Kxd5 45. Rxa5 Rc1+ 46. Nf1 Rb1 47.
Ra7 Ke6 48. Ra6+ Kf5 49. g4+ Kg5 50. Ra7 Kg6 51. Rb7 Nc5 52. Rb6+ f6 53. f3 e4
54. Kf2 Nd3+ 55. Ke2 Re1+ 56. Kd2 Rxf1 57. fxe4 0-1

[Event "Skilling Open Prelim"]
[Site "chess24.com INT"]
[Date "2020.11.22"]
[Round "4.2"]
[White "Anton Guijarro, David"]
[Black "Carlsen, Magnus"]
[Result "0-1"]
[WhiteTitle "GM"]
[BlackTitle "GM"]
[WhiteElo "2675"]
[BlackElo "2862"]
[WhiteFideId "2285525"]
[BlackFideId "1503014"]
[EventDate "2020.11.22"]

1. d4 d5 2. c4 c6 3. Nf3 Nf6 4. Nc3 e6 5. e3 Nbd7 6. Be2 Bd6 7. O-O O-O 8. Qc2
b6 9. e4 Nxe4 10. Nxe4 dxe4 11. Qxe4 Bb7 12. Rd1 Qc7 13. c5 bxc5 14. dxc5 Nxc5
15. Qc2 Rad8 16. Bg5 Be7 17. Rxd8 Rxd8 18. Rc1 Rd5 19. Be3 Nd7 20. Nd4 Bc5 21.
Nb5 cxb5 22. b4 Qc6 23. Bf3 Bxe3 24. fxe3 Qb6 25. Bxd5 Qxe3+ 26. Kh1 Bxd5 0-1

[Event "Skilling Open Prelim"]
[Site "chess24.com INT"]
[Date "2020.11.22"]
[Round "4.3"]
[White "Firouzja, Alireza"]
[Black "Nepomniachtchi, Ian"]
[Result "1/2-1/2"]
[WhiteTitle "GM"]
[BlackTitle "GM"]
[WhiteElo "2749"]
[BlackElo "2784"]
[WhiteFideId "12573981"]
[BlackFideId "4168119"]
[EventDate "2020.11.22"]

1. d4 Nf6 2. Nf3 g6 3. c4 Bg7 4. h3 O-O 5. Nc3 d5 6. cxd5 Nxd5 7. e4 Nxc3 8.
bxc3 c5 9. Be2 b6 10. Be3 Bb7 11. Qd3 Qd7 12. O-O Ba6 13. Qd2 Qa4 14. Rac1 Rd8
15. Bg5 cxd4 16. cxd4 Bxd4 17. Bxa6 Nxa6 18. Bxe7 Rd7 19. Nxd4 Rxe7 20. Nf5 Rd7
21. Nh6+ Kg7 22. Qf4 f5 23. Qg5 fxe4 24. Ng4 Kh8 25. Qf6+ Rg7 26. Rc6 Qa3 27.
Rd6 h5 28. Ne5 Kg8 29. Nxg6 Re8 30. Rfd1 e3 31. Rd8 exf2+ 32. Qxf2 Nc7 33. R8d7
Ne6 34. Rxg7+ Nxg7 35. Nf4 Rf8 36. Qd2 Qc5+ 37. Kh1 Qg5 38. Qd5+ Qxd5 39. Nxd5
Rf2 40. a4 Ra2 41. Rd4 Kf7 42. Re4 Nf5 43. Kh2 h4 44. Nc3 Ra1 45. Ne2 Kf6 46.
Ng1 a5 47. Rf4 Rb1 48. Nf3 Rb4 49. Rg4 Rxg4 50. hxg4 Nd6 51. Kh3 b5 52. axb5
Nxb5 53. g5+ Kg6 54. Kxh4 a4 55. Ne5+ Kg7 56. Nc4 a3 57. Nxa3 Nxa3 58. g6 Nb5
59. g4 Nd6 60. g5 Kxg6 61. Kg3 Kxg5 1/2-1/2